000
00312 a2200145 4500
001
121619
020
_a
9781870946551
040
_c
Escola Canadense de Niteroi
100
_a
Lloyd, Sue
245
1
0
_a
Jolly Phonics Workbook 5
362
0
_a
1995
490
0
_a
Jolly Phonics
650
4
_a
Phonics
942
_c
BK
999
_c
121619
_d
121619